000 01395nam a2200229Ii 4500
003 JO-AjNU
005 20240623114243.0
008 230605s9999||||xx |||||||||||||| ||und||
040 _aJO-AjNU
_bara
_erda
_cJO-AjNU
041 _aara
050 1 4 _aBP144 2015
100 3 _aاعداد الشواشرة، وليد مصطفى حسن؛ اشراف محمود توفيق العواطلي,
_eauthor
_957851
245 0 0 _aاجتماع حق الله، وحق العبد، واثره في قانون الاحوال الشخصية الاردني رقم 36 لسنة(2010م) ، دراسة تطبيقية باب الزواج والطلاق وآثارهما انموذجاً=Gathering the right of Allah With the right of Worshipper and Its Effect on the Law of Jordanian personal affairs number 36 for the year (2010) practical Married and Deforce Section and its effect as an examplary
264 3 1 _a2015
300 _a137 ورقة
336 _atext
_btxt
_2rdacontent
337 _aunmediated
_bn
_2rdamedia
338 _avolume
_bnc
_2rdacarrier
500 _aرسالة جامعية (دكتوراة في تخصص الفقه واصوله)--جامعة العلوم الاسلامية العالمية، كلية الدراسات العليا، عمان)، 2015، يشتمل على ببلوغرافيا
650 4 _aالفقة الاسلامي - الزواج والطلاق
_957852
942 _2lcc
_cTHS
999 _c29517
_d29517